000 01302nam a2200313 i 4500
001 197912
003 ES-MaACL
005 20251103144141.0
008 250611e1949 sp a|||| |||| 001 1 spa d
040 _aES-MaACL
_bspa
_cES-MaACL
_erda
080 _a821.134.2-34"19"
245 0 0 _aVarias narraciones /
_crecogidas por el P. José Julio Martínez, S.I.
264 1 _aBilbao :
_bEl Mensajero del Corazón de Jesús,
_c1949
300 _a64 páginas :
_bilustraciones ;
_c17 cm
336 _2rdacontent
_atexto
337 _2rdamedia
_asin mediación
338 _2rdacarrier
_avolumen
490 0 _aDe broma y de veras ;
_vnúmero 444
500 _aÍndice
505 0 _aLa Divina providencia ; Los muros de Jerusalén ; Cuento de Navidad ; Un cuento de miedo ; ¿Hay fe en Rusia? ; En el Reino del delito ; Forjadoras del Reino ; Navidad en Alaska ; Un diario espeluznante ; ¡Y no lo sabía!
655 7 _9226829
_aCuentos
700 1 _9241312
_aMartínez, José Julio,
_d1906-
_ecom
852 _aES-MaACL
_cDEPO1
_jA-15601(8)
_hDonación: José Lázaro García
_xHolandesa
_9206876
903 _9234219
_aLázaro García, José
_ednr
942 _n0
_cMONOGRAFIA
999 _c197912
_d197912